[Event "73rd ch-UKR"]
[Site "Kharkiv UKR"]
[Date "2004.08.27"]
[Round "2.2"]
[White "Oleksienko,M"]
[Black "Fedorchuk,S"]
[Result "1/2-1/2"]
[WhiteElo "2424"]
[BlackElo "2569"]

1.e4 c5 2.Nf3 e6 3.d4 cxd4 4.Nxd4 a6 5.Nc3 Qc7 6.Be2 b5 7.O-O Bb7 8.Bf3 b4
9.Na4 Bd6 10.g3 Nf6 11.Re1 Nc6 12.Nxc6 Bxc6 13.Nb6 Rd8 14.Nd5 Nxd5 15.exd5 Bb7
16.Bg5 Rb8 17.dxe6 dxe6 18.Bxb7 Rxb7 19.Qd3 Rb6 20.Re4 O-O 21.Rc4 Rc6 22.Rxc6 Qxc6
23.Rd1 Bc5 24.Rd2 h6 25.Be3 Bxe3 26.Qxe3 Rc8 27.Qa7 Qb5 28.Qe7 Qc5 29.Qb7 a5
30.Rd7 Rf8 31.Qc7 Qg5 32.Kg2 g6 33.h4 Qf5 34.Rd8 Qe4+ 35.Kg1 a4 36.Rxf8+ Kxf8
37.Qc5+ Kg8 38.a3 b3 39.cxb3 axb3 40.Qc8+ Kh7 41.Qc3 Qb1+ 42.Kh2 Qc2 43.Qf6 Kg8
44.Qd8+ Kg7 45.Qd4+ Kh7 46.Qf6 Kg8 47.Qd8+ Kg7 48.Qd4+ Kf8 49.Qd8+ Kg7 50.Qd4+ Kh7  1/2-1/2

[Event "Open"]
[Site "Kostrena CRO"]
[Date "2004.08.28"]
[Round "3"]
[White "Mijatovic,V"]
[Black "Bubalo,D"]
[Result "1-0"]
[WhiteElo "2158"]
[BlackElo "2009"]

1.e4 c5 2.Nf3 e6 3.d4 cxd4 4.Nxd4 a6 5.Nc3 Qc7 6.Bd3 Nf6 7.O-O d6 8.Kh1 Nbd7
9.a4 b6 10.f4 Bb7 11.Qe2 Be7 12.Bd2 O-O 13.Rae1 e5 14.Nf5 Rfe8 15.Qf3 Bf8
16.Qg3 g6 17.fxe5 Nh5 18.Qh3 Nxe5 19.Ne3 Qd8 20.Ncd5 Bc8 21.g4 Bh6 22.Qg2 Nxg4
23.Nxg4 Bxg4 24.Bxh6 Qh4 25.Qf2 Qh3 26.Re3 Bf3+ 27.Qxf3 Qh4 28.Qh3 Qd8 29.Qxh5 gxh5
30.Rg3+ Kh8 31.Bg7+ Kg8 32.Nf6+  1-0

[Event "35th Atlantic Open"]
[Site "Washington DC USA"]
[Date "2004.08.28"]
[Round "4"]
[White "Thaler,Mi"]
[Black "Mayer,Stev"]
[Result "1-0"]
[WhiteElo "2062"]
[BlackElo "2166"]

1.e4 c5 2.Nf3 e6 3.d4 cxd4 4.Nxd4 a6 5.Nc3 Qc7 6.g3 Nf6 7.Bg2 Bb4 8.Bd2 Be7
9.O-O O-O 10.Kh1 Nc6 11.Be3 d6 12.f4 h6 13.e5 dxe5 14.Nxc6 bxc6 15.fxe5 Qxe5
16.Bd4 Qc7 17.Bxf6 Bxf6 18.Rxf6 gxf6 19.Qg4+ Kh7 20.Ne4 Qe7 21.Qh4 Kg7 22.Rf1 Rh8
23.Nxf6 Kf8 24.Rd1 Kg7 25.Nh5+  1-0

[Event "VI Sants Open"]
[Site "Barcelona ESP"]
[Date "2004.08.29"]
[Round "2"]
[White "Farran Martos,F"]
[Black "Stefansson,H"]
[Result "0-1"]
[WhiteElo "2137"]
[BlackElo "2549"]

1.e4 c5 2.Nf3 e6 3.d4 cxd4 4.Nxd4 a6 5.Nc3 Qc7 6.Be2 b5 7.f4 Bb7 8.Bf3 Nc6
9.Be3 Na5 10.a4 Nc4 11.Bc1 b4 12.Nce2 Nf6 13.b3 Nb6 14.Qd3 d5 15.e5 Ne4 16.Bb2 Nd7
17.O-O Ndc5 18.Qe3 Be7 19.c3 bxc3 20.Nxc3 O-O 21.b4 Nd7 22.Bxe4 dxe4 23.Ba3 Nb6
24.Nxe4 Nc4 25.Rfc1 Nxe3 26.Rxc7 Bxe4 27.Rxe7 Nxg2 28.Ne2 Ne3 29.Ng3 Bg6
30.Rc1 Rfd8 31.Rec7 h5 32.R7c3 Nd5 33.Rf3 Rac8 34.Rc5 Nb6 35.Rfc3 Rd1+ 36.Kg2 Rcd8
37.Rc6 Nd5 38.Rf3 h4 39.f5 exf5 40.Nf1 f4  0-1

[Event "3rd IM"]
[Site "Klaksvik FAI"]
[Date "2004.08.29"]
[Round "2"]
[White "Simonsen,O"]
[Black "Olsen,H"]
[Result "0-1"]
[WhiteElo "2246"]
[BlackElo "2329"]

1.e4 c5 2.Nf3 e6 3.d4 cxd4 4.Nxd4 a6 5.Nc3 Qc7 6.Be2 Nf6 7.O-O Nc6 8.Be3 b5
9.a3 Bb7 10.f4 h5 11.e5 Ng4 12.Bxg4 hxg4 13.Nxc6 Qxc6 14.Qxg4 O-O-O 15.Rae1 Be7
16.Bf2 f5 17.Qf3 Qxf3 18.gxf3 Bxf3 19.Bb6 Bc6 20.Bxd8 Bc5+ 21.Rf2 Bxf2+ 22.Kxf2 Rxh2+
23.Ke3 Kxd8 24.Re2 Rh3+ 25.Kd4 Rf3 26.Kc5 Kc7  0-1

[Event "Paks Cup IM"]
[Site "Paks HUN"]
[Date "2004.08.29"]
[Round "9"]
[White "Zlatic,M"]
[Black "Bagonyai,A"]
[Result "1/2-1/2"]
[WhiteElo "2404"]
[BlackElo "2383"]

1.e4 c5 2.Nc3 e6 3.Nf3 a6 4.d4 cxd4 5.Nxd4 b6 6.g3 Bb7 7.Bg2 d6 8.O-O Nd7
9.f4 Qc7 10.Qe2 Be7 11.a4 Rc8 12.Be3 Ngf6 13.Kh1 Qb8 14.Bg1 Qa8 15.Rae1 g6
16.Nb3 e5 17.Nc1 O-O 18.Nd3 Rfe8 19.f5 Rc4 20.Nf2 Rec8 21.Nfd1 R4c7 22.Qd3 Bf8
23.fxg6 hxg6 24.Bxb6 Nxe4 25.Nxe4 Nxb6 26.Ndc3 Nd7 27.Re2 d5 28.Ng5 Nc5 29.Qf3 e4
30.Qf4 Bh6 31.Qh4 Bxg5 32.Qxg5 d4 33.Nd1  1/2-1/2

[Event "It"]
[Site "Pune IND"]
[Date "2004.09.04"]
[Round "2"]
[White "Sutovsky,E"]
[Black "Kunte,A"]
[Result "1-0"]
[WhiteElo "2679"]
[BlackElo "2532"]

1.e4 c5 2.Nf3 e6 3.Nc3 a6 4.d4 cxd4 5.Nxd4 Qc7 6.Bd3 Nf6 7.Qe2 b5 8.e5 b4
9.Ncb5 axb5 10.Nxb5 Qb7 11.exf6 gxf6 12.Bf4 Ra5 13.Bc4 Nc6 14.O-O-O b3 15.cxb3 Rxa2
16.Kb1 Ra5 17.Rd5 Be7 18.Rhd1 Rg8 19.Nc7+ Kd8 20.Rxd7+ Bxd7 21.Rxd7+ Kc8
22.Bxe6 Ne5 23.Nb5 Qxb5 24.Rd5+ fxe6 25.Rxb5 Rxb5 26.Qxb5 Rg6 27.Qe8+  1-0

[Event "8th WUCC"]
[Site "Instanbul TUR"]
[Date "2004.09.08"]
[Round "5"]
[White "Mallahi,A"]
[Black "Roos,M GER"]
[Result "1-0"]
[WhiteElo "2387"]
[BlackElo "2384"]

1.e4 c5 2.Nf3 e6 3.d4 cxd4 4.Nxd4 a6 5.Nc3 Qc7 6.Bd3 Nc6 7.Be3 b5 8.O-O Bb7
9.Kh1 Nf6 10.Qe2 b4 11.Na4 Nxd4 12.Bxd4 e5 13.Bb6 Qc6 14.b3 Be7 15.f3 O-O
16.c3 d5 17.cxb4 dxe4 18.fxe4 Bxb4 19.Rac1 Qd6 20.Bc7 Qe7 21.Nb6 Ra7 22.Qe3 Ba3
23.Rc2 Bxe4 24.Rxf6 Bxd3 25.Nd5 Qd7 26.Qxd3 Rc8 27.Rh6 Kf8 28.Rxh7 f5 29.Rh8+ Kf7
30.Rxc8 Qxc8 31.Bb6  1-0

[Event "8th WUCC"]
[Site "Instanbul TUR"]
[Date "2004.09.08"]
[Round "6"]
[White "Krstic,U"]
[Black "Darban,M"]
[Result "0-1"]
[WhiteElo "2366"]
[BlackElo "2315"]

1.e4 c5 2.Nf3 e6 3.d4 cxd4 4.Nxd4 a6 5.Nc3 b5 6.Be2 Bb7 7.Bf3 b4 8.Na4 Qa5
9.b3 Nf6 10.Qe2 Nc6 11.Bb2 Ne5 12.O-O-O Be7 13.Rhe1 O-O 14.Kb1 Rac8 15.g4 Nxf3
16.Qxf3 d5 17.e5 Ne4 18.Qe3 Bc6 19.f3 Bg5 20.Nxc6 Rxc6 21.f4 Be7 22.Re2 Rfc8
23.g5 Nc3+ 24.Nxc3 bxc3 25.Bc1 Bc5 26.Qd3 Ba3 27.Be3 Rc4 28.f5 Ra4 29.g6 Bf8
30.gxf7+ Kh8 31.Bb6 Qxb6 32.fxe6 Qb4  0-1

[Event "TCh-SCG Men"]
[Site "Budva SCG"]
[Date "2004.09.09"]
[Round "2"]
[White "Djukic,Ni"]
[Black "Nestorovic,De"]
[Result "1-0"]
[WhiteElo "2450"]
[BlackElo "2389"]

1.e4 c5 2.Nf3 e6 3.Nc3 a6 4.d4 cxd4 5.Nxd4 Qc7 6.Bd3 g6 7.h4 Bg7 8.Nb3 Nf6
9.Bg5 h6 10.Be3 Nc6 11.Qd2 h5 12.O-O-O Ng4 13.Bg5 f6 14.f3 fxg5 15.fxg4 gxh4
16.Kb1 Qe5 17.Rxh4 Bf6 18.Rh3 hxg4 19.Rxh8+ Bxh8 20.Qh6 Ne7 21.Rf1 Bg7 22.Qh4 d6
23.Nd2 b5 24.Qxg4 Bd7 25.Nf3 Qh5 26.Qf4 Bxc3 27.bxc3 Qc5 28.Qf6 Kd8 29.Ng5  1-0

[Event "TCh-SCG Men"]
[Site "Budva SCG"]
[Date "2004.09.09"]
[Round "2"]
[White "Predojevic,B"]
[Black "Rublevsky,S"]
[Result "1/2-1/2"]
[WhiteElo "2490"]
[BlackElo "2686"]

1.e4 c5 2.Nf3 e6 3.d4 cxd4 4.Nxd4 a6 5.Nc3 Qc7 6.Bd3 Nf6 7.O-O Bc5 8.Nb3 Be7
9.f4 d6 10.Qe2 Nbd7 11.Bd2 b6 12.Rae1 Bb7 13.e5 Nd5 14.exd6 Bxd6 15.Ne4 O-O
16.Nxd6 Qxd6 17.c4 N5f6 18.Bc3 Rfd8 19.Rd1 Qc7 20.Be5 Qc6 21.a3  1/2-1/2

[Event "3rd Autumn"]
[Site "Alushta UKR"]
[Date "2004.09.10"]
[Round "1"]
[White "Neelotpal,D"]
[Black "Paragua,M"]
[Result "1/2-1/2"]
[WhiteElo "2448"]
[BlackElo "2529"]

1.e4 c5 2.Nf3 e6 3.d4 cxd4 4.Nxd4 a6 5.Nc3 b5 6.Bd3 Qb6 7.Nf3 Nc6 8.O-O Qb8
9.e5 Bb7 10.Bf4 Nge7 11.Qd2 Ng6 12.Rfe1 Bb4 13.Bg3 Nce7 14.Ng5 h6 15.Nge4 Nf5
16.a3 Nxg3 17.axb4 Nxe4 18.Bxe4 O-O 19.Bxb7 Qxb7 20.Rad1 Rad8 21.Ne4 Qc6
22.f4 Ne7 23.c3 Nd5 24.f5 exf5 25.Qxd5 fxe4 26.Rxe4 Rfe8 27.Red4 Qg6 28.Qe4 Qg5
29.Rd5 Re6 30.Rf1 Rde8 31.Rxd7 Rxe5 32.Qf4 Qxf4 33.Rxf4 f6 34.Rd6 R8e6 35.Rxe6 Rxe6
36.Kf2 Kf7 37.b3 Rd6 38.Ke2 g5 39.Rf5 Kg6 40.Rc5 h5 41.h3 h4 42.c4 Rb6 43.Kf2 bxc4
44.Rxc4 f5 45.g3 hxg3+ 46.Kxg3 Rd6 47.Rc5 Rd3+ 48.Kg2 Rxb3 49.Rc6+ Kh5 50.Rxa6 Rxb4
51.Rf6 f4 52.Rf8 Rb5 53.Kf3 Rb3+ 54.Kg2 Rg3+ 55.Kh2 Rc3 56.Kg2 Rc2+ 57.Kf3 Rh2
58.Rh8+ Kg6 59.h4 Rh3+ 60.Ke4 Re3+ 61.Kd4 Re7 62.Rg8+ Kh5 63.hxg5 Kg4 64.g6 f3
65.Rf8 Kg3 66.Rf7 Re8 67.g7 Rg8 68.Ke3 Re8+  1/2-1/2

[Event "TCh-CRO"]
[Site "Rabac CRO"]
[Date "2004.09.10"]
[Round "6"]
[White "Zelcic,R"]
[Black "Hulak,K"]
[Result "1-0"]
[WhiteElo "2521"]
[BlackElo "2546"]

1.e4 c5 2.Nf3 e6 3.d4 cxd4 4.Nxd4 a6 5.Nc3 Qc7 6.Be2 b5 7.O-O Bb7 8.Re1 Nc6
9.Bf1 Nxd4 10.Qxd4 f6 11.Qd1 Rc8 12.Qg4 Ne7 13.Bf4 Qc5 14.Rad1 Ng6 15.Bg3 Ne5
16.Bxe5 fxe5 17.Rd3 g6 18.Red1 Rc7 19.h4 Be7 20.h5 Rf8 21.Rf3 Rxf3 22.Qxf3 g5
23.h6 Bd8 24.Rd3 Qf8 25.Qh3 b4 26.Rf3 Bf6 27.Ne2 Bxe4 28.Re3 Bf5 29.g4 Bxc2
30.Ng3 d5 31.Nh5 Bg6 32.Bxa6 Ke7 33.Nxf6 Qxf6 34.Rf3 Qh8 35.Rb3 Qa8 36.Bf1 d4
37.Rxb4 Rc1 38.Rc4 Ra1 39.Rc7+ Kf6 40.Kh2 e4 41.Qg3 Qa5 42.Bc4 Qe1 43.Qg2 d3
44.Rc6 Bf7 45.Bxd3 exd3 46.Qf3+ Kg6 47.Qf5+  1-0

[Event "TCh-SCG Men"]
[Site "Budva SCG"]
[Date "2004.09.11"]
[Round "4"]
[White "Perunovic,Mio"]
[Black "Djokic,V"]
[Result "1-0"]
[WhiteElo "2366"]
[BlackElo "2161"]

1.e4 c5 2.Nf3 e6 3.d4 cxd4 4.Nxd4 a6 5.Nc3 Qc7 6.Be2 b5 7.O-O Bb7 8.Bf3 Nc6
9.Nxc6 dxc6 10.a4 Nf6 11.Qe2 b4 12.Nb1 a5 13.Nd2 Ba6 14.Nc4 Nd7 15.b3 Bd6
16.Nxd6+ Qxd6 17.Rd1 Bxe2 18.Rxd6 Bxf3 19.gxf3 Ke7 20.Bf4 e5 21.Rad1 Ra7
22.Be3 Rc7 23.f4 Rb8 24.fxe5 Nxe5 25.f4 Nd7 26.Kf2 f6 27.f5 Rbb7 28.Re6+ Kf7
29.Bf4 Ne5 30.Bxe5 fxe5 31.Rxe5 c5 32.Rdd5 c4 33.Rc5 cxb3 34.cxb3 Rd7 35.Red5 Rxd5
36.Rxd5 Rc7 37.Ke3 g6 38.Rxa5 Rc3+ 39.Kf4 gxf5 40.Rxf5+ Ke6 41.Rh5 Rxb3 42.Rh6+ Kf7
43.Rxh7+ Kg6 44.Rb7 Rb2 45.Ke5 b3 46.h3 Rb1 47.Ke6 b2 48.e5 Kg5 49.Rb4 Kg6
50.a5 Kg5 51.Rb3 Kg6 52.h4 Kh5 53.a6 Kxh4 54.a7 Ra1 55.Rxb2 Rxa7 56.Rg2 Kh5
57.Kf6 Ra1 58.e6 Rf1+ 59.Ke7 Kh6 60.Ke8 Re1 61.e7 Re3 62.Rg4 Rd3 63.Kf7 Rf3+
64.Ke6 Re3+ 65.Kf6 Kh5 66.Rg8 Rf3+ 67.Ke6 Re3+ 68.Kd6 Rd3+ 69.Kc5  1-0

[Event "TCh-SCG Men"]
[Site "Budva SCG"]
[Date "2004.09.11"]
[Round "4"]
[White "Novoselski,Z"]
[Black "Strikovic,A"]
[Result "1-0"]
[WhiteElo "2362"]
[BlackElo "2478"]

1.e4 c5 2.Nf3 e6 3.d4 cxd4 4.Nxd4 a6 5.Nc3 b5 6.Bd3 Bb7 7.O-O Qc7 8.Re1 Nc6
9.Nxc6 Qxc6 10.a4 b4 11.Nd5 Nf6 12.Bd2 Bc5 13.a5 Nxd5 14.exd5 Qd6 15.dxe6 dxe6
16.Qg4 O-O 17.Be3 Rac8 18.Bxc5 Rxc5 19.Qxb4 Rb8 20.Qh4 h6 21.Qg3 Qd8 22.Re5 Rbc8
23.Qe3 Qd6 24.Re1 Bd5 25.b4 Rc3 26.Qd4 Qc6 27.R5e3 f6 28.Rg3 e5 29.Qg4 Rc7
30.Qg6 Kf8 31.Rge3 Rb7 32.f4 Bf7 33.Qg3 Rxb4 34.fxe5 Rc5 35.e6 Be8 36.e7+ Kg8
37.Re6 Qd7 38.Rxf6 Qd4+ 39.Rf2 Rxa5 40.Qf3 Qf6 41.Qa8  1-0

[Event "8th WUCC"]
[Site "Instanbul TUR"]
[Date "2004.09.11"]
[Round "9"]
[White "Soltanici,R"]
[Black "Roos,M GER"]
[Result "1-0"]
[WhiteElo "2363"]
[BlackElo "2384"]

1.e4 c5 2.Nf3 e6 3.d4 cxd4 4.Nxd4 a6 5.Nc3 b5 6.Bd3 Qb6 7.Nb3 Qc7 8.O-O Bb7
9.Qe2 Nf6 10.f4 d6 11.Bd2 Nbd7 12.a4 b4 13.Na2 d5 14.e5 Ne4 15.Be3 Ndc5 16.Nac1 Rc8
17.Nxc5 Bxc5 18.Nb3 Bxe3+ 19.Qxe3 O-O 20.a5 Nc5 21.Nd4 Ne4 22.Nb3 Nc5 23.Qd4 Qc6
24.Qxb4 d4 25.Rf2 Nxd3 26.cxd3 Qd5 27.Nxd4 Rfd8 28.Nf3 Ba8 29.d4 Rc4 30.Qb6 Rc6
31.Qa7 h6 32.h3 Kh7 33.Qxf7 Rdc8 34.f5 exf5 35.Qxf5+ Kg8 36.Raf1 Rf8 37.Qg4 Rc4
38.e6 Re8 39.Re1 Qxa5 40.Qg6 Re7 41.Ref1 Rc8 42.Ne5 Qd5 43.Rf7 Qxd4+ 44.Kh1 Rxf7
45.exf7+ Kf8 46.Qe6 Bxg2+ 47.Kh2 Qxe5+ 48.Qxe5 Bxf1 49.Qd6+ Kxf7 50.Qd7+  1-0

[Event "LGA Premium Cup"]
[Site "Nuernberg GER"]
[Date "2004.09.11"]
[Round "2"]
[White "Naegelein,Al"]
[Black "Dobosz,H"]
[Result "0-1"]
[WhiteElo "2045"]
[BlackElo "2453"]

1.e4 c5 2.Nf3 e6 3.d4 cxd4 4.Nxd4 a6 5.Nc3 b5 6.Be3 Bb7 7.Bd3 Qc7 8.O-O Nf6
9.f3 Bc5 10.Qd2 d6 11.a3 Nbd7 12.b4 Ba7 13.a4 bxa4 14.Nxa4 Ne5 15.Nb3 Bc6
16.Na5 Bb5 17.Rfc1 d5 18.Nc5 dxe4 19.fxe4 Neg4 20.Bf4 Bxc5+ 21.bxc5 Qxc5+
22.Kf1 O-O  0-1

[Event "TCh-CRO"]
[Site "Rabac CRO"]
[Date "2004.09.12"]
[Round "8"]
[White "Zelcic,R"]
[Black "Horvath,Cs1"]
[Result "0-1"]
[WhiteElo "2521"]
[BlackElo "2546"]

1.e4 c5 2.Nf3 e6 3.d4 cxd4 4.Nxd4 a6 5.Nc3 b5 6.Bd3 Bb7 7.O-O Nc6 8.Nxc6 Bxc6
9.Qe2 Qb8 10.Kh1 Be7 11.a3 d6 12.f4 Nf6 13.Bd2 O-O 14.Rae1 Qb7 15.e5 Nd7
16.Qg4 g6 17.b4 Rfe8 18.Re2 Rad8 19.Qg3 Bf8 20.Ne4 Bxe4 21.Bxe4 Qc7 22.Bd3 Bg7
23.exd6 Qxd6 24.Rfe1 Nb6 25.Qh4 Qc6 26.h3 Nc4 27.Bc1 Rd4 28.Qg3 Red8 29.f5 exf5
30.Bxf5 gxf5 31.Bh6 Rg4 32.Qc7 Qxc7 33.Re8+ Bf8 34.Bxf8 Rxe8  0-1

[Event "TCh-CRO u20"]
[Site "Rabac CRO"]
[Date "2004.09.12"]
[Round "8"]
[White "Augusta,D"]
[Black "Ramesa,D"]
[Result "1/2-1/2"]
[WhiteElo "2048"]
[BlackElo "2151"]

1.e4 c5 2.Nf3 e6 3.d4 cxd4 4.Nxd4 a6 5.Nc3 Qc7 6.Be2 Nf6 7.O-O Be7 8.Re1 d6
9.f4 O-O 10.Bf3 Rd8 11.a4 Nc6 12.Nb3 b6 13.Be3 Bb7 14.Qe2 Nd7 15.f5 Nde5
16.Bg4 Nxg4 17.Qxg4 Ne5 18.Qg3 exf5 19.exf5 Bf6 20.Bd4 Bc6 21.Nd2 Qb7 22.Rad1 Nd7
23.Nde4 Be5 24.Bxe5 dxe5 25.Rxd7 Rxd7 26.Nf6+ Kh8 27.Nxd7 Qxd7 28.Qxe5 f6
29.Qf4 h6 30.Rd1 Qb7 31.Qf2 Re8 32.b3  1/2-1/2

[Event "TCh-SCG Women"]
[Site "Budva SCG"]
[Date "2004.09.13"]
[Round "6"]
[White "Stojanovic,Na"]
[Black "Bojkovic,N"]
[Result "0-1"]
[WhiteElo "2061"]
[BlackElo "2393"]

1.e4 c5 2.Nf3 e6 3.d4 cxd4 4.Nxd4 a6 5.Nc3 Qc7 6.Bd3 Nf6 7.Be3 d6 8.O-O Nbd7
9.f4 Nc5 10.Nb3 b6 11.Qe2 Bb7 12.Bd2 Be7 13.Rae1 b5 14.a3 g6 15.Kh1 Rd8 16.e5 Nh5
17.Nxc5 dxc5 18.Be4 b4 19.Nb1 O-O 20.Bxb7 Qxb7 21.Qe4 Qb8 22.axb4 cxb4 23.Be3 Qb5
24.Nd2 a5 25.b3 a4 26.bxa4 Qxa4 27.Nb3 Qb5 28.g4 Ng7 29.Ra1 Rd7 30.Kg2 Qe2+
31.Kh3 h5 32.gxh5 Qxh5+ 33.Kg2 Nf5 34.Bf2 Rc8 35.Ra8 Rc7 36.Rxc8+ Rxc8 37.Kh1 Bh4
38.Bxh4 Qxh4 39.Rf3 Kg7 40.Nd2 Rd8 41.Nf1 Rd1 42.Qe2 Rb1 43.Qg2 Qd8 44.Rd3 Qxd3  0-1

[Event "TCh-SCG Women"]
[Site "Budva SCG"]
[Date "2004.09.15"]
[Round "7"]
[White "Jovanovic,Mirj"]
[Black "Vasilevich,T"]
[Result "0-1"]
[WhiteElo "2057"]
[BlackElo "2384"]

1.e4 c5 2.Nf3 e6 3.d4 cxd4 4.Nxd4 a6 5.Nc3 Qc7 6.Bd3 Nf6 7.O-O b5 8.a3 Bb7
9.Kh1 d6 10.Qe1 Nbd7 11.Bg5 Be7 12.f4 h6 13.Bh4 g5 14.fxg5 hxg5 15.Bg3 Nh5
16.Bf2 Ne5 17.Rd1 Bf6 18.Ncxb5 Qb8 19.Nc3 Kf8 20.Be3 Kg7 21.Kg1 Ng4 22.Rxf6 Nhxf6
23.h3 d5 24.hxg4 Nxg4 25.Nf3 Rh5 26.Kf1 Rh1+ 27.Bg1 Qf4 28.Qd2 Ne3+ 29.Ke2  0-1

[Event "TCh-SCG Men"]
[Site "Budva SCG"]
[Date "2004.09.16"]
[Round "8"]
[White "Ivanovic,B"]
[Black "Martinovic,Sl"]
[Result "1/2-1/2"]
[WhiteElo "2445"]
[BlackElo "2443"]

1.e4 c5 2.Nf3 e6 3.d4 cxd4 4.Nxd4 a6 5.Nc3 d6 6.Bd3 Nf6 7.O-O Be7 8.f4 O-O
9.Kh1 Nbd7 10.Qe1 Nc5 11.Bd2 Nxd3 12.cxd3 Bd7 13.Nce2 e5 14.Nf3 Bb5 15.fxe5 dxe5
16.Nxe5 Nd7 17.Nxd7 Qxd7 18.Bc3 Qxd3 19.Ng3 f6 20.Rf3 Qd7 21.Nf5 Rf7 22.e5 Qe6
23.exf6 Qxe1+ 24.Rxe1 Bxf6 25.Nh6+ gxh6 26.Bxf6 Re8 27.Rxe8+  1/2-1/2

[Event "TCh-SCG Men"]
[Site "Budva SCG"]
[Date "2004.09.16"]
[Round "8"]
[White "Draganic,V"]
[Black "Djokic,V"]
[Result "0-1"]
[WhiteElo "2279"]
[BlackElo "2161"]

1.e4 c5 2.Nf3 e6 3.d4 cxd4 4.Nxd4 a6 5.Nc3 Qc7 6.Bd3 Nc6 7.Nxc6 dxc6 8.O-O e5
9.Qe2 Nf6 10.Bg5 Bc5 11.Qf3 Bg4 12.Qg3 h5 13.Kh1 O-O-O 14.h3 h4 15.Bxh4 Rdg8
16.Bg5 Qd7 17.Kh2 Be6 18.Be2 Nh5 19.Bxh5 Rxh5 20.Rad1 Bd4 21.Na4 Qc7 22.c3 f6
23.Bc1 Ba7 24.Be3 Kb8 25.Bc5 Bxc5 26.Nxc5 Bc8 27.Qd3 g6 28.Nd7+ Bxd7 29.Qxd7 Rh7
30.Qe6 Rf8 31.Rd2 Qe7 32.Qb3 Rd8 33.Rfd1 Rxd2 34.Rxd2 Rg7 35.Qb6 Rg8 36.c4 f5
37.exf5 gxf5 38.Qe3 Kc7 39.Re2 Re8 40.Qf3 Qd7 41.Qc3 Qd6 42.Rd2 Qc5 43.Qd3 Qf8
44.Qd7+ Kb8 45.Qd6+ Qxd6 46.Rxd6 Kc7 47.Rd2 Kb6 48.Kg3 Kc5 49.b3 Rg8+ 50.Kh2 b5
51.cxb5 axb5 52.Rc2+ Kd5 53.f3 e4 54.fxe4+ fxe4 55.Kg1 e3 56.Kf1 c5 57.g4 Kd4
58.Rc1 Rf8+ 59.Ke1 Rf2 60.Rd1+ Ke4 61.Rc1 Kd4 62.Rd1+ Ke4 63.Rc1 Rxa2 64.Rxc5 b4
65.Rb5 Rh2 66.g5 Rxh3 67.g6 Rg3 68.Rb6 Kd3 69.Rd6+ Kc3 70.Ke2 Kxb3 71.Kd3 Kb2
72.Rb6 b3 73.Rf6 Ka2 74.Ra6+ Kb1 75.Rb6 b2 76.Ke2 Ka2 77.Ra6+ Kb3 78.Rb6+ Kc3
79.Rc6+ Kd4 80.Rd6+ Kc5 81.Rd1 Kc4 82.g7 Rxg7 83.Kxe3 Rc7  0-1

[Event "TCh-SCG Men"]
[Site "Budva SCG"]
[Date "2004.09.17"]
[Round "9"]
[White "Djukic,Ni"]
[Black "Markus,R"]
[Result "1/2-1/2"]
[WhiteElo "2450"]
[BlackElo "2550"]

1.e4 c5 2.Nf3 e6 3.Nc3 a6 4.d4 cxd4 5.Nxd4 b5 6.Bd3 d6 7.f4 Nf6 8.O-O Bb7
9.Qe2 Be7 10.Kh1 O-O 11.Bd2 Nbd7 12.Rae1 Rc8 13.e5 dxe5 14.fxe5 Nd5 15.Qh5 g6
16.Qh6 Nxc3 17.Nxe6 fxe6 18.Bxg6 hxg6 19.Qxg6+ Kh8 20.Qh6+ Kg8 21.Qxe6+ Kh8
22.Qh6+ Kg8 23.Qg6+ Kh8 24.Qh5+ Kg8  1/2-1/2

[Event "2nd Saipa Cup"]
[Site "Tehran IRI"]
[Date "2004.09.18"]
[Round "8"]
[White "Mallahi,A"]
[Black "Moradiabadi,E"]
[Result "1-0"]
[WhiteElo "2387"]
[BlackElo "2435"]

1.e4 c5 2.Nf3 e6 3.d4 cxd4 4.Nxd4 a6 5.Nc3 Qc7 6.Bd3 Nf6 7.f4 d6 8.Qf3 b5
9.Be3 Bb7 10.g4 h6 11.O-O-O Nbd7 12.Kb1 Nc5 13.g5 hxg5 14.fxg5 Nfd7 15.Rhf1 Ne5
16.Qg2 b4 17.Nce2 g6 18.Nb3 Bg7 19.Nec1 Ncd7 20.Bd4 Bc6 21.Rf2 a5 22.Rdf1 Qb7
23.Rxf7 Nxf7 24.Bxg7 Rh7 25.Qg4 Rxg7 26.Qxe6+ Kf8 27.Qxd6+ Kg8 28.Rxf7 Kxf7
29.Nd4 Kg8 30.Nxc6 Nf8 31.Bc4+ Kh7 32.Qg3 Kh8 33.Bd5 Qc7 34.Qg1 Nd7 35.Nd4 Rc8
36.Qg2 Rh7 37.h3 Qc5 38.Ncb3 Qb6 39.Qd2 Ne5 40.Nc1 a4 41.Qf2 a3 42.Ncb3 Rxh3
43.Qf1 Rh7 44.Be6 Qd8 45.Bxc8 Rf7 46.Qh1+ Rh7 47.Qf1 Rf7 48.Qa6 Qxg5 49.bxa3 bxa3
50.Ne2 Qe3 51.Be6 Rf6 52.Qc8+ Kg7 53.Nec1 Qxe4 54.Qg8+ Kh6 55.Bd5 Qf4 56.Qa8 g5
57.Qxa3 g4 58.Qa8 Ng6 59.a4 g3 60.a5 Qf1 61.Kb2 Rf2 62.a6 Nf4 63.Qh8+ Kg5
64.Qg8+ Kh4 65.a7 Rxc2+ 66.Kxc2 Qf2+ 67.Nd2 Qxa7 68.Qh8+ Nh5 69.Nf3+ Kg4
70.Qc8+ Kf4 71.Nd3+  1-0

[Event "TCh-BEL 2004-5"]
[Site "Belgium BEL"]
[Date "2004.09.19"]
[Round "1"]
[White "Wantiez,F"]
[Black "Breder,D"]
[Result "1-0"]
[WhiteElo "2206"]
[BlackElo "2454"]

1.e4 c5 2.Nf3 e6 3.d4 cxd4 4.Nxd4 a6 5.Nc3 Qc7 6.g3 b6 7.Bg2 Bb7 8.Be3 Nf6
9.O-O d6 10.g4 h6 11.f4 Nbd7 12.g5 hxg5 13.fxg5 Nh5 14.g6 Nhf6 15.gxf7+ Kxf7
16.Nf3 Kg8 17.Ng5 Re8 18.Bh3 Nc5 19.Qf3 Rh6 20.Rf2 Rg6 21.Rg2 d5 22.exd5 Nxd5
23.Qh5 Rh6 24.Qxh6 gxh6 25.Nxe6+ Qg7 26.Nxg7 Nxe3 27.Nxe8+ Bxg2 28.Bxg2  1-0

[Event "TCh-BEL 2004-5"]
[Site "Belgium BEL"]
[Date "2004.09.19"]
[Round "1"]
[White "Vandevoort,P"]
[Black "Lemmers,O"]
[Result "0-1"]
[WhiteElo "2385"]
[BlackElo "2395"]

1.e4 c5 2.Nf3 e6 3.d4 cxd4 4.Nxd4 a6 5.Nc3 b5 6.Bd3 Qb6 7.Nf3 Nc6 8.O-O Qb8
9.e5 Nxe5 10.Nxe5 Qxe5 11.Qf3 Qb8 12.Bf4 d6 13.Ne4 e5 14.Rfe1 Be7 15.Rad1 exf4
16.Nxd6+ Kf8 17.Be4 Ra7 18.Nxf7 Kxf7 19.Bd5+ Kf8 20.Bb3 Nf6 21.Rd4 Bg4 22.Qd3 Rd7  0-1

[Event "TCh-SCG Men"]
[Site "Budva SCG"]
[Date "2004.09.19"]
[Round "11"]
[White "Nikac,P"]
[Black "Djokic,V"]
[Result "1-0"]
[WhiteElo "2352"]
[BlackElo "2161"]

1.e4 c5 2.Nf3 e6 3.d4 cxd4 4.Nxd4 a6 5.Nc3 Qc7 6.Be2 Nf6 7.O-O d6 8.f4 Nbd7
9.Kh1 Be7 10.Qe1 g6 11.Qg3 e5 12.fxe5 dxe5 13.Bh6 Qb8 14.Nb3 b5 15.Na5 Bf8
16.Bg5 Bg7 17.Rad1 O-O 18.Nc6 Qb7 19.Ne7+ Kh8 20.Qh4 Qb6 21.Ncd5 Nxd5 22.Nxd5 Qc6
23.Be7 Bb7 24.c4 f6 25.Bxf8 Nxf8 26.cxb5 Qc2 27.Bd3 Qxb2 28.bxa6 Bxa6 29.Bxa6 Rxa6
30.Rf2 Qa3 31.Rdf1 Nd7 32.Qg4 Rd6 33.h4 f5 34.Qg5 h6 35.Qd8+ Nf8 36.Qe7 Qc5
37.Qf7 Rd7 38.Qe8 h5 39.exf5 Rxd5 40.fxg6 Rd1 41.Rxf8+ Qxf8 42.Qxf8+ Bxf8
43.Rxd1 Kg7 44.Rd5 Kf6 45.a4 e4 46.Kg1 Kxg6 47.a5 e3 48.Kf1  1-0

[Event "Georgiev-Kesarovski Mem"]
[Site "Sunny Beach BUL"]
[Date "2004.09.20"]
[Round "4"]
[White "Stoilov,A"]
[Black "Ivanov,J"]
[Result "1-0"]
[WhiteElo "2179"]
[BlackElo "2391"]

1.e4 c5 2.Nf3 e6 3.d4 cxd4 4.Nxd4 a6 5.Nc3 b5 6.a3 Bb7 7.Be3 Qc7 8.Bd3 Nf6
9.O-O h5 10.h3 Nc6 11.Nxc6 Qxc6 12.Qe2 h4 13.Bd4 Be7 14.Rfe1 Kf8 15.Nd1 Rc8
16.b3 Rh6 17.a4 b4 18.Nb2 d5 19.e5 Nd7 20.Rac1 Bc5 21.Qe3 Bxd4 22.Qxd4 Qc5
23.Qf4 Kg8 24.Be2 Qc3 25.Nd3 a5 26.Bf3 Ba6 27.Kh2 Rf8 28.Be2 Qc7 29.Kg1 Bxd3
30.Bxd3 f6 31.Qg4 fxe5 32.Bb5 Rf4 33.Qg5 Rf5 34.Qe7 Rf7 35.Qg5 e4 36.Bxd7 Qxd7
37.c3 bxc3 38.Rxc3 Rf5 39.Qd2 Rhf6 40.Rxe4 Rxf2 41.Qd4 Qd6 42.Rc8+ Rf8 43.Rxf8+ Rxf8
44.Rxh4 e5 45.Qc3 e4 46.Qd4 Qe6 47.Rg4 Rf7 48.Rg5 Rd7 49.h4 Kf8 50.Re5 Qf6
51.Rxe4 dxe4 52.Qxd7 Qxh4 53.Qc8+ Kf7 54.Qc7+ Kg6 55.Qxa5 Qg3 56.Qb6+ Kg5
57.Qc5+ Kg4 58.Qc8+ Kg5 59.Qd8+ Kh6 60.Qh8+ Kg6 61.Qe8+ Kf5 62.Qf7+  1-0

[Event "Georgiev-Kesarovski Mem"]
[Site "Sunny Beach BUL"]
[Date "2004.09.21"]
[Round "6"]
[White "Stoilov,A"]
[Black "Panajotov,J"]
[Result "0-1"]
[WhiteElo "2179"]
[BlackElo "2297"]

1.e4 c5 2.Nf3 e6 3.d4 cxd4 4.Nxd4 a6 5.Nc3 Qc7 6.g3 b5 7.a3 Bb7 8.Bg2 d6
9.O-O Nf6 10.Bg5 Nbd7 11.Re1 h6 12.Bxf6 Nxf6 13.Qe2 Be7 14.Rad1 O-O 15.Rd3 Rfd8
16.h4 Nd7 17.f4 Bf6 18.Kh1 Qb6 19.Qe3 Rac8 20.Red1 Rc4 21.Qg1 Nc5 22.Nb3 Qc7
23.Nxc5 Rxc5 24.e5 Be7 25.exd6 Rxd6 26.Rxd6 Bxd6 27.Bxb7 Qxb7+ 28.Qg2 Qxg2+
29.Kxg2 Rc6 30.Kf3 Bxa3 31.Nxb5 Bxb2 32.Rd8+ Kh7 33.Nd6 Rc3+ 34.Kg4 h5+ 35.Kh3  0-1

[Event "Open"]
[Site "Bucharest ROM"]
[Date "2004.09.24"]
[Round "5"]
[White "Berescu,A"]
[Black "Chirila,I"]
[Result "1-0"]
[WhiteElo "2404"]
[BlackElo "2195"]

1.e4 c5 2.Nf3 e6 3.d4 cxd4 4.Nxd4 a6 5.Nc3 Qc7 6.g3 b5 7.Bg2 Bb7 8.O-O d6
9.a4 b4 10.Na2 Nf6 11.Re1 e5 12.Nf5 Nc6 13.c3 bxc3 14.Nxc3 h6 15.g4 g6 16.Nxh6 Bxh6
17.g5 Nd4 18.gxh6 O-O 19.Be3 Ne6 20.Nd5 Nxd5 21.exd5 Nd8 22.Qg4 Kh7 23.Rac1 Qe7
24.h4 f5 25.Qg3 Rf7 26.Bb6 Qe8 27.Rc7 Rc8 28.Rxc8 Bxc8  1-0

[Event "79th ch-ARG"]
[Site "Buenos Aires ARG"]
[Date "2004.09.24"]
[Round "1"]
[White "Tossutti,J"]
[Black "Giardelli,S"]
[Result "0-1"]
[WhiteElo "2165"]
[BlackElo "2434"]

1.e4 c5 2.Nf3 e6 3.d4 cxd4 4.Nxd4 a6 5.Nc3 b5 6.Bd3 Qb6 7.Nb3 Bb7 8.O-O d6
9.Be3 Qc7 10.f4 Nf6 11.Qe2 Nbd7 12.Bf2 Be7 13.Rae1 O-O 14.e5 dxe5 15.fxe5 Nd5
16.Nxd5 Bxd5 17.Bg3 Rac8 18.Kh1 Qb7 19.Rf4 g6 20.Bh4 Bxh4 21.Rxh4 Rfd8 22.Rf1 Nxe5
23.Qxe5 Bxg2+ 24.Kg1 Bxf1 25.Kxf1 Qf3+ 26.Kg1 Rxd3 27.cxd3 Qd1+ 28.Kf2 Rc2+
29.Kg3 Qg1+  0-1